Fundamentals of optics (Record no. 12383)

000 -LEADER
fixed length control field 00343nam a22001457a 4500
020 ## - INTERNATIONAL STANDARD BOOK NUMBER
International Standard Book Number 9788120341890
082 ## - DEWEY DECIMAL CLASSIFICATION NUMBER
Classification number 535 SIN
100 ## - MAIN ENTRY--PERSONAL NAME
Personal name Singh, Devraj
245 ## - TITLE STATEMENT
Title Fundamentals of optics
260 ## - PUBLICATION, DISTRIBUTION, ETC.
Place of publication, distribution, etc. New Delhi, India
Name of publisher, distributor, etc. PHI Learning
Date of publication, distribution, etc. 2010
300 ## - PHYSICAL DESCRIPTION
Extent xviii, 429 p.
Other physical details ill. ;
500 ## - GENERAL NOTE
General note Includes index.
650 ## - SUBJECT ADDED ENTRY--TOPICAL TERM
Topical term or geographic name entry element Optics.
942 ## - ADDED ENTRY ELEMENTS (KOHA)
Koha item type Book
Holdings
Withdrawn status Lost status Damaged status Not for loan Collection code Permanent Location Current Location Shelving location Date acquired Source of acquisition Cost, normal purchase price Total Checkouts Full call number Barcode Date last seen Price effective from Koha item type
          Central Library (CL) Central Library (CL) General Stacks 12/27/2013 Saeed Book Bank 610.40   535 SIN SEECS012798 07/11/2021 12/30/2013 Book
© 2023 Central Library, National University of Sciences and Technology. All Rights Reserved.